Hearthstone Klassen - Statistiken

Allgemein
  • Dieses Quiz wurde 22 mal gespielt
  • Das Durchschnittsergebnis liegt bei 9 aus 9
Antwortstatistiken
Bildquiz Antwort % Korrekt
Jäger
100%
Krieger
100%
Magier
100%
Paladin
100%
Druide
95%
Schamane
95%
Hexenmeister
90%
Priester
90%
Schurke
90%
Keine übereinstimmenden Quizze gefunden
Verteilung der Resultate
Anzahl Personen mit jedem Resultat
Perzentil nach korrekt beantworteten Fragen
Ihre Resultats-Entwicklung
Sie haben dieses Quiz noch nicht gespielt